<?xml version="1.0" encoding="UTF-8"?>
<record
    xmlns:xsi="http://www.w3.org/2001/XMLSchema-instance"
    xsi:schemaLocation="http://www.loc.gov/MARC21/slim http://www.loc.gov/standards/marcxml/schema/MARC21slim.xsd"
    xmlns="http://www.loc.gov/MARC21/slim">

  <leader>01949nam a2200385 i 4500</leader>
  <controlfield tag="001">P20220530031</controlfield>
  <controlfield tag="008">220825s2021    ch a    s     000 0 chi d</controlfield>
  <datafield tag="020" ind1=" " ind2=" ">
    <subfield code="a">9789860657296</subfield>
  </datafield>
  <datafield tag="020" ind1=" " ind2=" ">
    <subfield code="a">9789860669879</subfield>
    <subfield code="q">(EPUB)</subfield>
  </datafield>
  <datafield tag="041" ind1="1" ind2=" ">
    <subfield code="a">chi</subfield>
    <subfield code="h">jpn</subfield>
  </datafield>
  <datafield tag="050" ind1=" " ind2="4">
    <subfield code="a">BJ1588.C5</subfield>
    <subfield code="b">K386 2021</subfield>
  </datafield>
  <datafield tag="100" ind1="1" ind2=" ">
    <subfield code="6">880-01</subfield>
    <subfield code="a">Kat&#x14D;, Taiz&#x14D;.</subfield>
  </datafield>
  <datafield tag="245" ind1="1" ind2="0">
    <subfield code="6">880-02</subfield>
    <subfield code="a">Wei he wo men zong shi ru ci bu an?</subfield>
    <subfield code="h">[electronic resource] :</subfield>
    <subfield code="b">mo ming kong huang, rong yi jiao zao, que fa zi xin? Yi ben que fa an quan gan de ren du zai kan de shu! /</subfield>
    <subfield code="c">Jiateng Disan zuo ; Cheng Lanting, Gao Shuzhen yi.</subfield>
  </datafield>
  <datafield tag="246" ind1="3" ind2="0">
    <subfield code="6">880-03</subfield>
    <subfield code="a">Mo ming kong huang, rong yi jiao zao, que fa zi xin? Yi ben que fa an quan gan de ren du zai kan de shu!</subfield>
  </datafield>
  <datafield tag="250" ind1=" " ind2=" ">
    <subfield code="6">880-04</subfield>
    <subfield code="a">Er ban, Ai cang ban.</subfield>
  </datafield>
  <datafield tag="260" ind1=" " ind2=" ">
    <subfield code="6">880-05</subfield>
    <subfield code="a">Xinbei Shi :</subfield>
    <subfield code="b">Fang zhou wen hua, yuan zu wen hua,</subfield>
    <subfield code="c">2021.</subfield>
  </datafield>
  <datafield tag="300" ind1=" " ind2=" ">
    <subfield code="a">269 p. :</subfield>
    <subfield code="b">ill.</subfield>
  </datafield>
  <datafield tag="490" ind1="1" ind2=" ">
    <subfield code="6">880-06</subfield>
    <subfield code="a">Xin ling fang zhou ;</subfield>
    <subfield code="v">4004</subfield>
  </datafield>
  <datafield tag="533" ind1=" " ind2=" ">
    <subfield code="a">Electronic reproduction.</subfield>
    <subfield code="b">New Taipei City :</subfield>
    <subfield code="c">Airiti.</subfield>
    <subfield code="n">System requirements: iRead eBook.</subfield>
    <subfield code="n">Available via World Wide Web.</subfield>
  </datafield>
  <datafield tag="650" ind1=" " ind2="0">
    <subfield code="a">Conduct of life.</subfield>
  </datafield>
  <datafield tag="700" ind1="1" ind2=" ">
    <subfield code="6">880-07</subfield>
    <subfield code="a">Cheng, Lanting.</subfield>
  </datafield>
  <datafield tag="700" ind1="1" ind2=" ">
    <subfield code="6">880-08</subfield>
    <subfield code="a">Gao, Shuzhen.</subfield>
  </datafield>
  <datafield tag="830" ind1=" " ind2="0">
    <subfield code="6">880-09</subfield>
    <subfield code="a">Xin ling fang zhou ;</subfield>
    <subfield code="v">4004.</subfield>
  </datafield>
  <datafield tag="856" ind1="4" ind2="0">
    <subfield code="u">https://www.airitibooks.com/Detail/Detail?PublicationID=P20220530031</subfield>
  </datafield>
  <datafield tag="880" ind1="1" ind2=" ">
    <subfield code="6">100-01/</subfield>
    <subfield code="1"></subfield>
    <subfield code="a">&#x52A0;&#x85E4;&#x8AE6;&#x4E09;.</subfield>
  </datafield>
  <datafield tag="880" ind1="1" ind2="0">
    <subfield code="6">245-02/</subfield>
    <subfield code="1"></subfield>
    <subfield code="a">&#x70BA;&#x4F55;&#x6211;&#x5011;&#x7E3D;&#x662F;&#x5982;&#x6B64;&#x4E0D;&#x5B89;?</subfield>
    <subfield code="h">[electronic resource] :</subfield>
    <subfield code="b">&#x83AB;&#x540D;&#x6050;&#x614C;, &#x5BB9;&#x6613;&#x7126;&#x8E81;, &#x7F3A;&#x4E4F;&#x81EA;&#x4FE1;?&#x4E00;&#x672C;&#x7F3A;&#x4E4F;&#x5B89;&#x5168;&#x611F;&#x7684;&#x4EBA;&#x90FD;&#x5728;&#x770B;&#x7684;&#x66F8;! /</subfield>
    <subfield code="c">&#x52A0;&#x85E4;&#x8AE6;&#x4E09;&#x4F5C; ; &#x7A0B;&#x862D;&#x5A77;, &#x9AD8;&#x6DD1;&#x73CD;&#x8B6F;.</subfield>
  </datafield>
  <datafield tag="880" ind1="3" ind2="0">
    <subfield code="6">246-03/</subfield>
    <subfield code="1"></subfield>
    <subfield code="a">&#x83AB;&#x540D;&#x6050;&#x614C;, &#x5BB9;&#x6613;&#x7126;&#x8E81;, &#x7F3A;&#x4E4F;&#x81EA;&#x4FE1;? &#x4E00;&#x672C;&#x7F3A;&#x4E4F;&#x5B89;&#x5168;&#x611F;&#x7684;&#x4EBA;&#x90FD;&#x5728;&#x770B;&#x7684;&#x66F8;!</subfield>
  </datafield>
  <datafield tag="880" ind1=" " ind2=" ">
    <subfield code="6">250-04/</subfield>
    <subfield code="1"></subfield>
    <subfield code="a">&#x4E8C;&#x7248;, &#x611B;&#x85CF;&#x7248;.</subfield>
  </datafield>
  <datafield tag="880" ind1=" " ind2=" ">
    <subfield code="6">260-05/</subfield>
    <subfield code="1"></subfield>
    <subfield code="a">&#x65B0;&#x5317;&#x5E02; :</subfield>
    <subfield code="b">&#x65B9;&#x821F;&#x6587;&#x5316;, &#x9060;&#x8DB3;&#x6587;&#x5316;,</subfield>
    <subfield code="c">2021.</subfield>
  </datafield>
  <datafield tag="880" ind1="1" ind2=" ">
    <subfield code="6">490-06/</subfield>
    <subfield code="1"></subfield>
    <subfield code="a">&#x5FC3;&#x9748;&#x65B9;&#x821F; ;</subfield>
    <subfield code="v">4004</subfield>
  </datafield>
  <datafield tag="880" ind1="1" ind2=" ">
    <subfield code="6">700-07/</subfield>
    <subfield code="1"></subfield>
    <subfield code="a">&#x7A0B;&#x862D;&#x5A77;.</subfield>
  </datafield>
  <datafield tag="880" ind1="1" ind2=" ">
    <subfield code="6">700-08/</subfield>
    <subfield code="1"></subfield>
    <subfield code="a">&#x9AD8;&#x6DD1;&#x73CD;.</subfield>
  </datafield>
  <datafield tag="880" ind1=" " ind2="0">
    <subfield code="6">830-09/</subfield>
    <subfield code="1"></subfield>
    <subfield code="a">&#x5FC3;&#x9748;&#x65B9;&#x821F; ;</subfield>
    <subfield code="v">4004.</subfield>
  </datafield>
  <datafield tag="999" ind1=" " ind2=" ">
    <subfield code="c">41488</subfield>
    <subfield code="d">41488</subfield>
  </datafield>
</record>
